[Event "Astrakhan-ch"]
[Site "Astrakhan"]
[Date "2011.11.24"]
[Round "6"]
[White "Shaginjan, Armen"]
[Black "Aliev, Vladislav"]
[Result "1/2-1/2"]
[WhiteElo "2378"]
[BlackElo "2152"]
[PlyCount "49"]
[EventDate "2011.11.19"]
[EventType "swiss"]
[EventRounds "9"]
[EventCountry "RUS"]
[SourceTitle "EXT 2013"]
[Source "ChessBase"]
[SourceDate "2012.11.22"]
[SourceVersion "1"]
[SourceVersionDate "2012.11.22"]
[SourceQuality "1"]

1. e4 c5 2. Nf3 d6 3. d4 cxd4 4. Nxd4 Nf6 5. Nc3 g6 6. Be2 Bg7 7. 0-0 0-0 8. Nb3 Nc6 9. Be3 Be6 10. f4 Qc8 11. Kh1 Rd8 12. Bf3 Bc4 13. Rf2 e6 14. Rd2 d5 15. e5 Ne8 16. Ne2 Bxe2 17. Qxe2 Nc7 18. Rad1 b5 19. a3 Rb8 20. Qf2 Na8 21. Nc5 Nb6 22. b3 Bf8 23. c3 Nd7 24. Nxd7 Rxd7 25. b4 1/2-1/2

[Event "Astrakhan-ch"]
[Site "Astrakhan"]
[Date "2011.11.23"]
[Round "5"]
[White "Prokopenko, Roman"]
[Black "Shaginjan, Armen"]
[Result "0-1"]
[WhiteElo "2027"]
[BlackElo "2378"]
[PlyCount "65"]
[EventDate "2011.11.19"]
[EventType "swiss"]
[EventRounds "9"]
[EventCountry "RUS"]
[SourceTitle "EXT 2013"]
[Source "ChessBase"]
[SourceDate "2012.11.22"]
[SourceVersion "1"]
[SourceVersionDate "2012.11.22"]
[SourceQuality "1"]

1. e4 e5 2. Nf3 Nf6 3. Nxe5 d6 4. Nf3 Nxe4 5. d4 d5 6. Bd3 Bd6 7. 0-0 0-0 8. c4 c6 9. Qc2 Na6 10. a3 Bg4 11. Ne5 Bxe5 12. dxe5 Nac5 13. f3 Nxd3 14. Qxd3 Nc5 15. Qd4 Nb3 16. Qxg4 Nxa1 17. Bh6 g6 18. Bg5 Qb6+ 19. Kh1 Nc2 20. Bf6 h5 21. Qh3 Ne3 22. Rg1 Qd4 23. Nc3 Rae8 24. cxd5 cxd5 25. Qd7 Re6 26. h3 Qd2 27. Ne4 Qxb2 28. Ng5 Rxf6 29. Qe7 Rf5 30. e6 Rxg5 31. Qxg5 Nf5 32. Re1 Kg7 33. g4 0-1

[Event "Astrakhan-ch"]
[Site "Astrakhan"]
[Date "2011.11.22"]
[Round "4"]
[White "Shaginjan, Armen"]
[Black "Kamaletdinov, Farit"]
[Result "1-0"]
[WhiteElo "2378"]
[BlackElo "1974"]
[PlyCount "65"]
[EventDate "2011.11.19"]
[EventType "swiss"]
[EventRounds "9"]
[EventCountry "RUS"]
[SourceTitle "EXT 2013"]
[Source "ChessBase"]
[SourceDate "2012.11.22"]
[SourceVersion "1"]
[SourceVersionDate "2012.11.22"]
[SourceQuality "1"]

1. e4 c5 2. Nf3 d6 3. d4 cxd4 4. Qxd4 Bd7 5. Bg5 Nc6 6. Qd2 Qa5 7. Nc3 a6 8. Bc4 b5 9. Bb3 Nf6 10. a3 h6 11. Bxf6 gxf6 12. Nd5 Qxd2+ 13. Nxd2 Ra7 14. a4 Be6 15. axb5 axb5 16. 0-0 Rxa1 17. Rxa1 Bg7 18. Nc7+ Kd7 19. Nxb5 Bxb3 20. Nxb3 Rb8 21. N5d4 Nxd4 22. Nxd4 Rxb2 23. Nf5 Bf8 24. Ra7+ Kc8 25. h4 Kb8 26. Ra3 Rxc2 27. Rg3 Rc8 28. Rg8 e6 29. Nd4 Kb7 30. Rh8 Kb6 31. Rh7 Rc7 32. Kf1 Kc5 33. Nxe6+ 1-0

[Event "Astrakhan Cup"]
[Site "Astrakhan"]
[Date "2008.08.??"]
[Round "?"]
[White "Iljushina, Olga"]
[Black "Shaginjan, Armen"]
[Result "1-0"]
[WhiteElo "2280"]
[BlackElo "2352"]
[PlyCount "87"]
[EventDate "2008.08.??"]
[EventType "tourn"]
[EventRounds "11"]
[EventCountry "RUS"]
[EventCategory "3"]
[SourceTitle "EXT 2010"]
[Source "ChessBase"]
[SourceDate "2010.11.25"]
[SourceVersion "1"]
[SourceVersionDate "2010.11.25"]
[SourceQuality "1"]

1. d4 d5 2. c4 e6 3. Nf3 Nf6 4. Nc3 c6 5. cxd5 exd5 6. Bg5 Be7 7. e3 0-0 8. Bd3 Ne4 9. Bxe4 Bxg5 10. Bc2 Bf6 11. Qd3 g6 12. Qd2 Re8 13. 0-0 Na6 14. Rac1 Nc7 15. Na4 Ne6 16. Bd3 Ng7 17. b4 a6 18. Nc5 h5 19. a4 h4 20. h3 Qd6 21. Rc2 g5 22. e4 Qf4 23. Qxf4 gxf4 24. e5 Be7 25. a5 Rb8 26. Rfc1 Rd8 27. Ra2 Re8 28. Kf1 Rd8 29. Kg1 Re8 30. Kh2 Nh5 31. Ng1 Bg5 32. Nf3 Be7 33. Ng1 Bg5 34. Rc3 Kh8 35. Be2 Ng7 36. Bg4 Bf5 37. Bxf5 Nxf5 38. Ne2 Rg8 39. Rf3 Rg7 40. Ra1 Rbg8 41. Rg1 Rb8 42. Kh1 Bh6 43. Rd1 b6 44. Nd7 1-0

[Event "Astrakhan Cup"]
[Site "Astrakhan"]
[Date "2008.08.??"]
[Round "?"]
[White "Shaginjan, Armen"]
[Black "Amanov, Zhanibek"]
[Result "0-1"]
[WhiteElo "2352"]
[BlackElo "2382"]
[PlyCount "86"]
[EventDate "2008.08.??"]
[EventType "tourn"]
[EventRounds "11"]
[EventCountry "RUS"]
[EventCategory "3"]
[SourceTitle "EXT 2010"]
[Source "ChessBase"]
[SourceDate "2010.11.25"]
[SourceVersion "1"]
[SourceVersionDate "2010.11.25"]
[SourceQuality "1"]

1. e4 c5 2. Nf3 Nc6 3. Bb5 d6 4. d4 cxd4 5. Qxd4 Bd7 6. Bxc6 Bxc6 7. Nc3 h6 8. Be3 e5 9. Qd3 Nf6 10. h3 a6 11. a4 Be7 12. 0-0 0-0 13. a5 Qd7 14. Rfd1 Qe6 15. Bb6 Rac8 16. Rac1 Nd7 17. Nd5 Nxb6 18. Nxb6 Rce8 19. Nd5 Bd8 20. Nb4 Bb5 21. c4 Bxa5 22. cxb5 Bxb4 23. bxa6 bxa6 24. Qxa6 Rb8 25. Nd2 Bc5 26. Nc4 Bd4 27. Rc2 Rfd8 28. Qa3 d5 29. exd5 Rxd5 30. Re1 Rdb5 31. Ree2 Qd5 32. Ne3 Qe6 33. Nc4 Rb3 34. Qa5 f6 35. Qd2 Qf5 36. Nd6 Qg6 37. Kh2 Rxb2 38. Qc1 Rb1 39. Rc8+ Kh7 40. Qc7 Rxc8 41. Nxc8 e4 42. Ne7 Qh5 43. Rxe4 Be5+ 0-1

[Event "Maikop op"]
[Site "Maikop"]
[Date "2004.04.??"]
[Round "9"]
[White "Musaev, Mansur"]
[Black "Shaginjan, Armen"]
[Result "0-1"]
[WhiteElo "2225"]
[BlackElo "2319"]
[PlyCount "100"]
[EventDate "2004.04.??"]
[EventType "swiss"]
[EventRounds "9"]
[EventCountry "RUS"]
[SourceTitle "EXT 2006"]
[Source "ChessBase"]
[SourceDate "2005.11.24"]
[SourceVersion "1"]
[SourceVersionDate "2005.11.24"]
[SourceQuality "1"]

1. e4 e5 2. Nf3 Nf6 3. Nxe5 d6 4. Nf3 Nxe4 5. d4 d5 6. Bd3 Bd6 7. 0-0 0-0 8. c4 c6 9. Re1 Bf5 10. Nc3 Nxc3 11. bxc3 Bxd3 12. Qxd3 dxc4 13. Qxc4 Nd7 14. Qd3 Qa5 15. Bb2 Rad8 16. Qc2 Nf6 17. Ne5 Rfe8 18. f4 c5 19. Qb3 Qc7 20. Rac1 c4 21. Qa4 b5 22. Qa6 Rb8 23. Ba3 Bxa3 24. Qxa3 a5 25. Qc5 Qxc5 26. dxc5 Rbc8 27. c6 Nd5 28. Nd7 Rxe1+ 29. Rxe1 f6 30. Rd1 Nxc3 31. Rd6 Na4 32. Kf2 Kf7 33. f5 b4 34. Ke3 Re8+ 35. Kd2 Nc3 36. Re6 Rxe6 37. fxe6+ Kxe6 38. Nb6 Kd6 39. Nxc4+ Kxc6 40. Nxa5+ Kb5 41. Nb7 Nxa2 42. Kc2 Nc3 43. Kb3 Ne4 44. Nd8 Nc5+ 45. Kb2 Kb6 46. Nf7 Kc7 47. g4 Kd7 48. g5 Ke7 49. g6 hxg6 50. Nh8 g5 0-1

[Event "RUS-Cup 300 years"]
[Site "St Petersburg"]
[Date "2003.10.24"]
[Round "7"]
[White "Shaginjan, Armen"]
[Black "Melnikova, Yana"]
[Result "1-0"]
[WhiteElo "2319"]
[BlackElo "2246"]
[PlyCount "61"]
[EventDate "2003.10.18"]
[EventType "swiss"]
[EventRounds "9"]
[EventCountry "RUS"]
[SourceTitle "EXT 2004"]
[Source "ChessBase"]
[SourceDate "2003.11.25"]
[SourceVersion "1"]
[SourceVersionDate "2003.11.25"]
[SourceQuality "1"]

1. e4 c5 2. Nf3 Nc6 3. d4 cxd4 4. Nxd4 Nf6 5. Nc3 d6 6. Be2 e5 7. Nf3 h6 8. 0-0 Be7 9. b3 0-0 10. Bb2 Be6 11. Re1 Nb8 12. Bf1 Nbd7 13. h3 Rc8 14. Qd2 Qc7 15. Rac1 a6 16. a4 Qc6 17. Rcd1 Rfd8 18. Re2 Bf8 19. g3 b5 20. axb5 axb5 21. Bg2 Nc5 22. Nh4 Qd7 23. g4 g6 24. Nd5 Bxd5 25. exd5 Bg7 26. Rde1 Ra8 27. f4 Ra2 28. fxe5 dxe5 29. Bxe5 Nxd5 30. Bxg7 Kxg7 31. Qd4+ 1-0

[Event "RUS-Cup 300 years"]
[Site "St Petersburg"]
[Date "2003.10.23"]
[Round "6"]
[White "Vorobiov, Dmitry"]
[Black "Shaginjan, Armen"]
[Result "1-0"]
[WhiteElo "2179"]
[BlackElo "2319"]
[PlyCount "105"]
[EventDate "2003.10.18"]
[EventType "swiss"]
[EventRounds "9"]
[EventCountry "RUS"]
[SourceTitle "EXT 2004"]
[Source "ChessBase"]
[SourceDate "2003.11.25"]
[SourceVersion "1"]
[SourceVersionDate "2003.11.25"]
[SourceQuality "1"]

1. e4 e5 2. Nf3 Nf6 3. Nxe5 d6 4. Nf3 Nxe4 5. d4 d5 6. Bd3 Bd6 7. 0-0 0-0 8. c4 c6 9. cxd5 cxd5 10. Nc3 Nxc3 11. bxc3 Bg4 12. Rb1 b6 13. Bc2 Re8 14. Qd3 g6 15. Bg5 Qc7 16. h3 Bf5 17. Qb5 Bd7 18. Qb2 Nc6 19. Bb3 Be6 20. Bf6 Na5 21. Ne5 Rac8 22. Ba4 Rf8 23. Qd2 Be7 24. Qg5 Bxf6 25. Qxf6 Qd8 26. Qf3 Rc7 27. Rbc1 Qg5 28. Rfd1 Rfc8 29. Bb5 h5 30. Ba6 Rd8 31. Bd3 Nc6 32. Nxc6 Rxc6 33. Rc2 Bd7 34. h4 Qxh4 35. Qxd5 Re6 36. Qb3 Rde8 37. Rcc1 Rf6 38. Qb2 Bc6 39. Bf1 Rf5 40. c4 Re4 41. d5 Ba4 42. Re1 Ref4 43. Re2 Rf6 44. g3 Qg4 45. Bg2 R4f5 46. Re4 Qg5 47. Rf1 Qh6 48. Qb4 Bc2 49. Re8+ Kh7 50. d6 a5 51. Qxb6 Ba4 52. Ra8 Re5 53. d7 1-0

[Event "RUS-Cup 300 years"]
[Site "St Petersburg"]
[Date "2003.10.18"]
[Round "1"]
[White "Shaginjan, Armen"]
[Black "Potkin, Vladimir"]
[Result "1/2-1/2"]
[WhiteElo "2319"]
[BlackElo "2534"]
[PlyCount "86"]
[EventDate "2003.10.18"]
[EventType "swiss"]
[EventRounds "9"]
[EventCountry "RUS"]
[SourceTitle "EXT 2004"]
[Source "ChessBase"]
[SourceDate "2003.11.25"]
[SourceVersion "1"]
[SourceVersionDate "2003.11.25"]
[SourceQuality "1"]

1. e4 e6 2. d4 d5 3. exd5 exd5 4. Nf3 Nf6 5. Bd3 Be7 6. h3 0-0 7. 0-0 c5 8. dxc5 Bxc5 9. Bg5 h6 10. Bh4 Nc6 11. c3 g5 12. Bg3 Ne4 13. Bh2 Bf5 14. b4 Bb6 15. a4 a5 16. b5 Ne7 17. Ne5 Ng6 18. Qf3 Nxe5 19. Bxe5 Bg6 20. Ra2 Re8 21. Bd4 Bxd4 22. cxd4 Qb6 23. Bxe4 dxe4 24. Qe3 f5 25. d5 Qxe3 26. fxe3 Rac8 27. Ra3 Rc5 28. Rc3 Rxd5 29. Rc7 f4 30. Nc3 Rd3 31. exf4 gxf4 32. Rxf4 e3 33. Rg4 Re6 34. Kf1 Kf8 35. Rf4+ Ke8 36. Ke1 b6 37. Rfc4 Rd2 38. Rb7 Kd8 39. Rb8+ Ke7 40. Rc7+ Kf6 41. Rc6 Ke5 42. Rxe6+ Kxe6 43. Rxb6+ Kf7 1/2-1/2